00680nam a2200229Ia 4500003000400000005001700004008004100021020001400062040000700076041000800083082001500091100002900106245002500135260004800160300001700208365001300225650002500238906001800263942001200281999001900293952013800312OSt20230425092204.0210423s2002 xx 000 0 und d a521531748 cAL aeng a660.6 RATC aRATLEDGE (Colin).992229 aBasic biotechnology. aCambridgebCambridge University Pressc2002 axiii,568bPB b350cINR aBiotechnology992230 abiotechnology 2ddccBK c162594d162594 001040708BTaSACPGbSACPGd2003-04-24eGangarams Book Bureaug350.00l0o660.6 RATCpPG009087r2022-08-24 00:00:00w2021-04-26yBK